|
|
|
|
| LEADER |
02157nam a22004455i 4500 |
| 001 |
978-3-7091-0748-5 |
| 003 |
DE-He213 |
| 005 |
20151125201139.0 |
| 007 |
cr nn 008mamaa |
| 008 |
140220s2011 au | s |||| 0|eng d |
| 020 |
|
|
|a 9783709107485
|9 978-3-7091-0748-5
|
| 024 |
7 |
|
|a 10.1007/978-3-7091-0748-5
|2 doi
|
| 040 |
|
|
|d GrThAP
|
| 050 |
|
4 |
|a QD415-436
|
| 072 |
|
7 |
|a PNN
|2 bicssc
|
| 072 |
|
7 |
|a SCI013040
|2 bisacsh
|
| 082 |
0 |
4 |
|a 547
|2 23
|
| 245 |
1 |
0 |
|a Progress in the Chemistry of Organic Natural Products Vol. 94
|h [electronic resource] /
|c edited by A. Douglas Kinghorn, Heinz Falk, Junichi Kobayashi.
|
| 264 |
|
1 |
|a Vienna :
|b Springer Vienna :
|b Imprint: Springer,
|c 2011.
|
| 300 |
|
|
|a XVIII, 254 p.
|b online resource.
|
| 336 |
|
|
|a text
|b txt
|2 rdacontent
|
| 337 |
|
|
|a computer
|b c
|2 rdamedia
|
| 338 |
|
|
|a online resource
|b cr
|2 rdacarrier
|
| 347 |
|
|
|a text file
|b PDF
|2 rda
|
| 490 |
1 |
|
|a Fortschritte der Chemie organischer Naturstoffe / Progress in the Chemistry of Organic Natural Products,
|x 2191-7043 ;
|v 94
|
| 520 |
|
|
|a The three reviews cover the advances in the chemistry and biology of withanolides over the last 16 years, review the chemistry and biology of the rocaglamide-type derivatives and related compounds, with emphasis on their structural diversity, biosynthesis, pharmacological significance and total synthesis, and summarize the extensive chemistry and biology studies on a natural product, which have resulted in a novel therapy approved worldwide.
|
| 650 |
|
0 |
|a Chemistry.
|
| 650 |
|
0 |
|a Organic chemistry.
|
| 650 |
1 |
4 |
|a Chemistry.
|
| 650 |
2 |
4 |
|a Organic Chemistry.
|
| 700 |
1 |
|
|a Kinghorn, A. Douglas.
|e editor.
|
| 700 |
1 |
|
|a Falk, Heinz.
|e editor.
|
| 700 |
1 |
|
|a Kobayashi, Junichi.
|e editor.
|
| 710 |
2 |
|
|a SpringerLink (Online service)
|
| 773 |
0 |
|
|t Springer eBooks
|
| 776 |
0 |
8 |
|i Printed edition:
|z 9783709107478
|
| 830 |
|
0 |
|a Fortschritte der Chemie organischer Naturstoffe / Progress in the Chemistry of Organic Natural Products,
|x 2191-7043 ;
|v 94
|
| 856 |
4 |
0 |
|u http://dx.doi.org/10.1007/978-3-7091-0748-5
|z Full Text via HEAL-Link
|
| 912 |
|
|
|a ZDB-2-CMS
|
| 950 |
|
|
|a Chemistry and Materials Science (Springer-11644)
|